Aral-Buhay (Record no. 8163)
[ view plain ]
| 000 -LEADER | |
|---|---|
| fixed length control field | 00761nam a22002297i 4500 |
| 003 - CONTROL NUMBER IDENTIFIER | |
| control field | URS |
| 005 - DATE AND TIME OF LATEST TRANSACTION | |
| control field | 20220114153127.0 |
| 008 - FIXED-LENGTH DATA ELEMENTS--GENERAL INFORMATION | |
| fixed length control field | 170530b xxu||||| |||| 00| 0 eng d |
| 020 ## - INTERNATIONAL STANDARD BOOK NUMBER | |
| International Standard Book Number | 9718797254 |
| 040 ## - CATALOGING SOURCE | |
| Description conventions | rda |
| Transcribing agency | URSP-College Library |
| Language of cataloging | eng |
| 050 ## - LIBRARY OF CONGRESS CALL NUMBER | |
| Item number | 302.224409599 D7371 1994 |
| 100 1# - MAIN ENTRY--PERSONAL NAME | |
| Personal name | Doronila, Maria Luisa Canieso |
| 245 ## - TITLE STATEMENT | |
| Title | Aral-Buhay |
| Remainder of title | Isang Etnograpikong Pag-aaral ng Functional Literacy sa Labing-apat na Pamayanang Pilipino |
| Statement of responsibility, etc. | Maria Luisa Canieso Doronila |
| 264 #1 - PRODUCTION, PUBLICATION, DISTRIBUTION, MANUFACTURE, AND COPYRIGHT NOTICE | |
| Place of production, publication, distribution, manufacture | Manila |
| Name of producer, publisher, distributor, manufacturer | Dept. Educ. Culture and Sports |
| Date of production, publication, distribution, manufacture, or copyright notice | 1994. |
| 300 ## - PHYSICAL DESCRIPTION | |
| Extent | xx, 181pages |
| Dimensions | 23CM. |
| 336 ## - CONTENT TYPE | |
| Content type term | text |
| Content type code | txt |
| Source | rdacontent |
| 337 ## - MEDIA TYPE | |
| Media type term | unmediated |
| Media type code | n |
| Source | rdamedia |
| 338 ## - CARRIER TYPE | |
| Carrier type term | volume |
| Carrier type code | nc |
| Source | rdacarrier |
| 500 ## - GENERAL NOTE | |
| General note | Includes apendise |
| 650 #0 - SUBJECT ADDED ENTRY--TOPICAL TERM | |
| Topical term or geographic name entry element | aral-buhay. |
| 942 ## - ADDED ENTRY ELEMENTS (KOHA) | |
| Source of classification or shelving scheme | Library of Congress Classification |
| Koha item type | Filipiniana |
| Withdrawn status | Source of classification or shelving scheme | Damaged status | Not for loan | Collection code | Home library | Current library | Shelving location | Date acquired | Total Checkouts | Full call number | Barcode | Date last seen | Copy number | Price effective from | Koha item type |
|---|---|---|---|---|---|---|---|---|---|---|---|---|---|---|---|
| Library of Congress Classification | Non-fiction | Pililla College Library | Pililla College Library | General Stacks | 05/30/2017 | 302.224409599 D7371 1994 | URSPIL-3223 | 05/31/2019 | 1 | 05/30/2017 | Filipiniana | ||||
| Library of Congress Classification | Non-fiction | Pililla College Library | Pililla College Library | General Stacks | 05/30/2017 | 302.224409599 D7371 1994 | URSPIL-3224 | 05/31/2019 | 2 | 05/30/2017 | Filipiniana | ||||
| Library of Congress Classification | Non-fiction | Pililla College Library | Pililla College Library | General Stacks | 05/30/2017 | 302.224409599 D7371 1994 | URSPIL-3225 | 05/31/2019 | 3 | 05/30/2017 | Filipiniana | ||||
| Library of Congress Classification | Non-fiction | Pililla College Library | Pililla College Library | General Stacks | 05/30/2017 | 302.224409599 D7371 1994 | URSPIL-3226 | 05/31/2019 | 4 | 05/30/2017 | Filipiniana | ||||
| Library of Congress Classification | Non-fiction | Pililla College Library | Pililla College Library | General Stacks | 05/30/2017 | 302.224409599 D7371 1994 | URSPIL-3227 | 05/31/2019 | 5 | 05/30/2017 | Filipiniana |